| 000 | 00703nam a2200181 a 4500 | ||
|---|---|---|---|
| 001 | 000035836 | ||
| 005 | 20200930074642.0 | ||
| 008 | 111115s1950 mx 000 0 spa d | ||
| 040 |
_aDO-SdBNP _bspa _cBNPHU |
||
| 082 |
_axxx _bM538t |
||
| 100 | 1 |
_aMendieta y Núñez, Lucio _961808 |
|
| 245 | 1 | 0 |
_aTeoría de los agrupamientos sociales : _b(La mecanización social) / _cLucio Mendieta y Núñez. |
| 260 |
_aMéxico : _bBiblioteca de ensayos sociológicos ; _bIntituto de Investigaciones Sociales, _c1950. |
||
| 300 |
_a256 p. ; _c18 cm. |
||
| 490 | 1 | _aCuadernos de sociología | |
| 590 | _aPerteneció a la biblioteca personal de Juan Isidro Jimenes Grullón. | ||
| 830 | 0 |
_aCuadernos de sociología _961809 |
|
| 999 |
_c35327 _d35327 |
||